|
|
|
|
| LEADER |
02168cam a2200589 i 4500 |
| 001 |
nkc20193162937 |
| 003 |
CZ PrNK |
| 005 |
20200130143917.0 |
| 007 |
ta |
| 008 |
191120s2019 xr ach e 001 0bcze d |
| 015 |
|
|
|a cnb003162937
|
| 020 |
|
|
|a 978-80-7529-819-5
|q (vázáno)
|
| 035 |
|
|
|a (OCoLC)1140078423
|
| 040 |
|
|
|a KLG001
|b cze
|d BOA001
|e rda
|
| 043 |
|
|
|a e-xr---
|a n-us---
|
| 045 |
|
|
|a x4y-
|
| 072 |
|
7 |
|a 78.07
|x Hudebníci, skladatelé a jiná hudební povolání
|2 Konspekt
|9 9
|
| 072 |
|
7 |
|a 929
|x Biografie
|2 Konspekt
|9 8
|
| 080 |
|
|
|a 78.036.071.2
|2 MRF
|
| 080 |
|
|
|a 78.071.1/.2
|2 MRF
|
| 080 |
|
|
|a 78-027.22
|2 MRF
|
| 080 |
|
|
|a 929
|2 MRF
|
| 080 |
|
|
|a (437.3)
|2 MRF
|
| 080 |
|
|
|a (73)
|2 MRF
|
| 080 |
|
|
|a (092)
|2 MRF
|
| 100 |
1 |
|
|a Vedral, Honza,
|d 1981-
|7 xx0018852
|4 aut
|
| 245 |
1 |
0 |
|a Neuvěřitelný Ivan Král /
|c Honza Vedral
|
| 246 |
3 |
0 |
|a Ivan Král
|
| 250 |
|
|
|a Vydání první
|
| 264 |
|
1 |
|a V Praze :
|b Slovart, spol. s r.o.,
|c 2019
|
| 300 |
|
|
|a 303 stran :
|b ilustrace (některé barevné), portréty, faksimile ;
|c 23 cm
|
| 336 |
|
|
|a text
|b txt
|2 rdacontent
|
| 337 |
|
|
|a bez média
|b n
|2 rdamedia
|
| 338 |
|
|
|a svazek
|b nc
|2 rdacarrier
|
| 500 |
|
|
|a Obsahuje rejstřík
|
| 600 |
1 |
7 |
|a Král, Ivan,
|d 1948-2020
|7 jo19990048869
|2 czenas
|
| 648 |
|
7 |
|a 20.-21. století
|7 ch462155
|2 czenas
|
| 650 |
0 |
7 |
|a rockoví zpěváci
|7 ph311279
|z Česko
|y 20.-21. století
|2 czenas
|
| 650 |
0 |
7 |
|a rockoví hudebníci
|7 ph125178
|z Česko
|y 20.-21. století
|2 czenas
|
| 650 |
0 |
7 |
|a hudební život
|7 ph135177
|z Spojené státy americké
|2 czenas
|
| 650 |
0 |
9 |
|a rock singers
|z Czechia
|y 20th-21st centuries
|2 eczenas
|
| 650 |
0 |
9 |
|a rock musicians
|z Czechia
|y 20th-21st centuries
|2 eczenas
|
| 650 |
0 |
9 |
|a musical life
|z United States
|2 eczenas
|
| 655 |
|
7 |
|a biografie
|7 fd131909
|2 czenas
|
| 655 |
|
9 |
|a biography
|2 eczenas
|
| 910 |
2 |
|
|a BOA001
|b 2-1441.260
|
| 920 |
|
|
|a 1262969
|z KLG001
|
| 990 |
|
|
|a BK
|
| 995 |
|
|
|a 01
|
| 991 |
|
|
|b 202001
|c NOV
|
| 996 |
6 |
|
|b 2610787819
|c 2-1441.260
|l MZK
|r Sklad / do 1 hodiny
|n 1
|p p.v.
|w 001774044
|u 000010
|a 1
|e BOA001
|j MZK50
|s P
|
| 996 |
7 |
|
|b 2610812736
|c 2-1441.260
|l Vol.výběr
|r VV 1p
|n 3
|p kup
|h 78.07 VED
|w 001774044
|u 000020
|a 0
|e BOA001
|j MZK50
|s A
|